[Event "Titled Tuesday intern op 31st Jan Early"]
[Site "Chess.com INT"]
[Date "2023.01.31"]
[Round "2"]
[White "Wickramasinghe, Minethma Lasandi"]
[Black "Wahedi, Ahmad Siar"]
[Result "0-1"]
[WhiteElo "1463"]
[BlackElo "2260"]
[PlyCount "112"]
[EventDate "2023.01.31"]
[EventType "swiss (blitz)"]
[EventRounds "11"]
[EventCountry "USA"]
[SourceTitle "CBM 212 Extra"]
[Source "ChessBase"]
[SourceDate "2023.03.31"]
[SourceVersion "1"]
[SourceVersionDate "2023.03.31"]
[SourceQuality "1"]

1. d4 d5 2. Bf4 Nf6 3. Nf3 c5 4. c3 Nc6 5. e3 e6 6. Bd3 Bd6 7. Bg3 Qc7 8. Nbd2 c4 9. Bc2 0-0 10. a4 e5 11. dxe5 Nxe5 12. Nd4 a6 13. N2f3 Bg4 14. Bh4 Ne4 15. h3 Bd7 16. 0-0 Rfe8 17. Ng5 Nxg5 18. Bxg5 h6 19. Bf4 Rad8 20. a5 Bc8 21. Ba4 Re7 22. Bc2 Nc6 23. Nf5 Bxf5 24. Bxf5 Bxf4 25. exf4 Qxf4 26. Bc2 d4 27. cxd4 Nxd4 28. Qb1 Re2 29. Bd1 Rd2 30. Ra3 Qf5 31. Qa1 Qd5 32. Qc1 Ne6 33. Bf3 Qd7 34. Qxc4 Rxb2 35. Rc1 Rb5 36. Qc3 Rc5 37. Qb2 Rdc8 38. Rac3 Rxc3 39. Rxc3 Rxc3 40. Qxc3 g6 41. Qb4 Nd8 42. Qb6 Kg7 43. Qb2+ Kh7 44. Bg4 Qd5 45. Bf3 Qxa5 46. Bxb7 Qe1+ 47. Kh2 Nxb7 48. Qxb7 Qxf2 49. Qxa6 Qf4+ 50. Kg1 h5 51. Qa2 h4 52. Qe2 g5 53. Qc2+ Kg7 54. Qc3+ Kg6 55. Qd3+ Kf6 56. Qd6+ Qxd6 0-1

[Event "Titled Tuesday intern op 27th Dec Early"]
[Site "Chess.com INT"]
[Date "2022.12.27"]
[Round "4"]
[White "Peatman, Carter F"]
[Black "Wickramasinghe, Minethma Lasandi"]
[Result "1-0"]
[WhiteElo "1976"]
[BlackElo "1463"]
[PlyCount "111"]
[EventDate "2022.12.27"]
[EventType "swiss (blitz)"]
[EventRounds "11"]
[EventCountry "USA"]
[SourceTitle "EXT 2024"]
[Source "ChessBase"]
[SourceDate "2023.10.10"]
[SourceVersion "1"]
[SourceVersionDate "2023.10.10"]
[SourceQuality "1"]

1. d4 Nf6 2. Bf4 e6 3. e3 c5 4. Nd2 d5 5. c3 Nc6 6. Ngf3 Bd6 7. Bg3 0-0 8. Bd3 Re8 9. Ne5 Qc7 10. f4 Nd7 11. Bxh7+ Kf8 12. Qh5 Nf6 13. Qh3 b6 14. Bd3 cxd4 15. exd4 Bb7 16. Bh4 Ke7 17. Qg3 Rg8 18. 0-0 Rae8 19. Rae1 Kd8 20. Ndf3 Kc8 21. Ng5 Nd8 22. a4 g6 23. Qf2 Rh8 24. Ngxf7 Nxf7 25. Bxf6 Rhg8 26. Re3 g5 27. fxg5 Nxg5 28. Bxg5 Rxg5 29. Rfe1 Reg8 30. Rg3 Rxg3 31. hxg3 Qg7 32. Re3 Rf8 33. Rf3 Rg8 34. Rf7 Qxg3 35. Qxg3 Rxg3 36. Be2 Re3 37. Bg4 Bxe5 38. Bxe6+ Kd8 39. dxe5 Bc6 40. Rf5 Ke7 41. Bg8 Re2 42. b3 Bd7 43. Rh5 Rb2 44. Bxd5 Rb1+ 45. Kf2 Rb2+ 46. Kf3 Rb1 47. Rh7+ Ke8 48. e6 Bc8 49. Rh8+ Ke7 50. Rxc8 Rf1+ 51. Ke4 Re1+ 52. Kd4 Rd1+ 53. Kc4 Rf1 54. Rc7+ Kf6 55. Rf7+ Kg6 56. Rxf1 1-0

[Event "Titled Tuesday intern op 27th Dec Early"]
[Site "Chess.com INT"]
[Date "2022.12.27"]
[Round "5"]
[White "Wickramasinghe, Minethma Lasandi"]
[Black "Vifleemskaia, Svetlana"]
[Result "1-0"]
[WhiteElo "1463"]
[BlackElo "1947"]
[PlyCount "75"]
[EventDate "2022.12.27"]
[EventType "swiss (blitz)"]
[EventRounds "11"]
[EventCountry "USA"]
[SourceTitle "EXT 2024"]
[Source "ChessBase"]
[SourceDate "2023.10.10"]
[SourceVersion "1"]
[SourceVersionDate "2023.10.10"]
[SourceQuality "1"]

1. e4 e5 2. Nf3 Nc6 3. d4 exd4 4. Bc4 Nf6 5. 0-0 Nxe4 6. Re1 d5 7. Bxd5 Qxd5 8. Nc3 Qa5 9. Nxe4 Be6 10. Neg5 0-0-0 11. Nxe6 fxe6 12. Rxe6 h6 13. Qe2 Bd6 14. Bd2 Qh5 15. h3 g5 16. Nxd4 Qxe2 17. Nxe2 Bh2+ 18. Kxh2 Rxd2 19. Rc1 Nb4 20. Re4 Nxc2 21. Rc4 Rxe2 22. R1xc2 Rxc2 23. Rxc2 Re8 24. Rd2 b6 25. Kg3 Re4 26. f3 Ra4 27. a3 a5 28. Kf2 Rc4 29. g3 a4 30. Ke3 Kb7 31. f4 Rc5 32. Ke4 gxf4 33. gxf4 Rh5 34. Rd3 c5 35. f5 c4 36. Rg3 Rh4+ 37. Ke5 Rd4 38. Kxd4 1-0

[Event "Titled Tuesday intern op 20th Dec Early"]
[Site "Chess.com INT"]
[Date "2022.12.20"]
[Round "7"]
[White "Shuvalov, Evgenij"]
[Black "Wickramasinghe, Minethma Lasandi"]
[Result "1-0"]
[WhiteElo "2149"]
[BlackElo "1463"]
[PlyCount "67"]
[EventDate "2022.12.20"]
[EventType "swiss (blitz)"]
[EventRounds "11"]
[EventCountry "USA"]
[SourceTitle "EXT 2024"]
[Source "ChessBase"]
[SourceDate "2023.10.10"]
[SourceVersion "1"]
[SourceVersionDate "2023.10.10"]
[SourceQuality "1"]

1. d4 Nf6 2. c4 e6 3. Nc3 Bb4 4. a3 Bxc3+ 5. bxc3 b6 6. f3 Ba6 7. e4 d6 8. Bd3 0-0 9. f4 Nc6 10. e5 Nd7 11. Nf3 Na5 12. Qe2 Qe7 13. Be3 h6 14. g4 f6 15. 0-0 c5 16. Nh4 Rfc8 17. Ng6 Qe8 18. exd6 cxd4 19. cxd4 Bxc4 20. Ne7+ Kh8 21. Nxc8 Rxc8 22. Rac1 Bxd3 23. Qxd3 Nb7 24. Rc7 Nxd6 25. Rfc1 Rxc7 26. Rxc7 e5 27. dxe5 fxe5 28. Qxd6 Nf6 29. Qxe5 Qa4 30. Rc8+ Kh7 31. Qf5+ g6 32. Rc7+ Kg8 33. Qxg6+ Kh8 34. Qg7# 1-0

[Event "Olympiad Women-44"]
[Site "Chennai"]
[Date "2022.08.09"]
[Round "11.1"]
[White "Wickramasinghe, Minethma Lasandi"]
[Black "Machlik, Edit"]
[Result "0-1"]
[WhiteElo "1541"]
[BlackElo "2084"]
[PlyCount "76"]
[EventDate "2022.07.29"]
[EventType "team-swiss"]
[EventRounds "11"]
[EventCountry "IND"]
[SourceTitle "CBM 210"]
[Source "ChessBase"]
[SourceDate "2022.10.31"]
[SourceVersion "1"]
[SourceVersionDate "2022.10.31"]
[SourceQuality "1"]
[WhiteTeam "Sri Lanka (W)"]
[BlackTeam "Norway (W)"]
[WhiteTeamCountry "SRI"]
[BlackTeamCountry "NOR"]

1. e4 c6 2. d4 d5 3. e5 Bf5 4. Nd2 e6 5. Nb3 Nd7 6. Nf3 Ne7 7. Be2 Nc8 8. 0-0 Be7 9. a4 0-0 10. a5 a6 11. Be3 Bg4 12. Nfd2 Bxe2 13. Qxe2 Na7 14. f4 f6 15. f5 fxe5 16. fxe6 exd4 17. Bxd4 Nf6 18. Bb6 Qe8 19. Nc5 Nc8 20. Ndb3 Nxb6 21. axb6 Qd8 22. Na4 Bd6 23. Rad1 Qe7 24. c4 dxc4 25. Qxc4 Nd5 26. Qe4 Rae8 27. Nd4 Rf6 28. Rde1 g6 29. Kh1 Ref8 30. Rf3 Rxf3 31. Nxf3 Rf4 32. Qc2 Qf6 33. b3 Bb4 34. Re2 Qa1+ 35. Ng1 Rf1 36. h3 Rxg1+ 37. Kh2 Bd6+ 38. g3 Bxg3# 0-1

[Event "SRI-chB (Women)"]
[Site "Mount Lavinia"]
[Date "2022.03.19"]
[Round "7"]
[White "Wickramasinghe, Minethma Lasandi"]
[Black "Pallie, Ehsha Mishela"]
[Result "1-0"]
[WhiteElo "1361"]
[BlackElo "1455"]
[PlyCount "137"]
[EventDate "2022.03.16"]
[EventType "swiss"]
[EventRounds "10"]
[EventCountry "SRI"]
[SourceTitle "EXT 2023"]
[Source "ChessBase"]
[SourceDate "2022.10.05"]
[SourceVersion "1"]
[SourceVersionDate "2022.10.05"]
[SourceQuality "1"]

1. e4 c5 2. Nf3 d6 3. d4 cxd4 4. Nxd4 Nf6 5. Nc3 a6 6. Be3 e5 7. Nb3 Be6 8. f3 h5 9. Nd5 Bxd5 10. exd5 Nbd7 11. Qd2 g6 12. Be2 Bg7 13. 0-0 h4 14. Na5 Qc7 15. c4 Nh5 16. Rfe1 Bf6 17. b4 Ng7 18. Bf2 Nf5 19. Rac1 Bg7 20. Rc2 Bh6 21. Qc3 Rc8 22. Rd1 0-0 23. Qa3 Rfe8 24. Kh1 Nf6 25. Qc3 Bg7 26. Qe1 e4 27. fxe4 Nxe4 28. Rd3 Nxf2+ 29. Qxf2 Qe7 30. Bf1 Qe1 31. a3 Bd4 32. Rxd4 Nxd4 33. Rd2 Qxf2 34. Rxf2 b6 35. Nb7 Nf5 36. g4 hxg3 37. Rxf5 gxf5 38. Nxd6 Re1 39. Nxc8 Rxf1+ 40. Kg2 gxh2 41. Kxh2 Kf8 42. Nxb6 f4 43. d6 f3 44. Kg3 f5 45. Nd5 Ke8 46. Ne3 Ra1 47. Kxf3 Rxa3 48. Kf4 Kd7 49. c5 Ra4 50. Nd5 Ke6 51. d7 Rxb4+ 52. Nxb4 Kxd7 53. Nxa6 Kc6 54. Kxf5 Kb7 55. Nb4 Kc7 56. Ke6 Kb7 57. Kd7 Ka7 58. c6 Kb6 59. c7 Kb5 60. c8Q Kxb4 61. Qc6 Kb3 62. Kd6 Kb4 63. Kd5 Kb3 64. Qc4+ Kb2 65. Kd4 Kb1 66. Kc3 Ka1 67. Qf1+ Ka2 68. Qe2+ Ka3 69. Qa6# 1-0

[Event "Asian Schools-ch 14th U13 Girls"]
[Site "Waskaduwa"]
[Date "2018.07.10"]
[Round "3.3"]
[White "Sim, Jia Ru"]
[Black "Wickramasinghe, Minethma Lasandi"]
[Result "1-0"]
[WhiteElo "1917"]
[BlackElo "1366"]
[PlyCount "75"]
[EventDate "2018.07.09"]
[EventType "swiss"]
[EventRounds "9"]
[EventCountry "SRI"]
[SourceTitle "EXT 2024"]
[Source "ChessBase"]
[SourceDate "2023.10.10"]
[SourceVersion "1"]
[SourceVersionDate "2023.10.10"]
[SourceQuality "1"]

1. e4 e6 2. d4 d5 3. e5 c5 4. c3 Nc6 5. Nf3 Bd7 6. Na3 cxd4 7. cxd4 Bxa3 8. bxa3 Qa5+ 9. Qd2 Nge7 10. Bd3 0-0 11. Rb1 Rab8 12. Qxa5 Nxa5 13. Bd2 Nc4 14. Bb4 Rfe8 15. Bxc4 dxc4 16. Bd6 Rbd8 17. Rxb7 a5 18. Kd2 Nf5 19. Bc7 Ra8 20. Rc1 Bc6 21. Rb6 Bd5 22. Kc3 Rec8 23. Bd6 Nxd6 24. exd6 Kf8 25. Ne5 f6 26. Nd7+ Ke8 27. Nc5 Kf7 28. Rcb1 Bxg2 29. d7 Rd8 30. Nxe6 Rxd7 31. Rg1 Re7 32. d5 Bxd5 33. Rxg7+ Ke8 34. Nc7+ Rxc7 35. Rxc7 h5 36. Rh7 Rd8 37. Rh8+ Kd7 38. Rxd8+ 1-0

[Event "SRI-chB (Women)"]
[Site "Colombo"]
[Date "2018.03.04"]
[Round "6"]
[White "Tharushi, THD Niklesha"]
[Black "Wickramasinghe, Minethma Lasandi"]
[Result "1-0"]
[WhiteElo "1665"]
[BlackElo "1303"]
[PlyCount "113"]
[EventDate "2018.03.01"]
[EventType "swiss"]
[EventRounds "10"]
[EventCountry "SRI"]
[SourceTitle "EXT 2019"]
[Source "ChessBase"]
[SourceDate "2018.10.10"]
[SourceVersion "1"]
[SourceVersionDate "2018.10.10"]
[SourceQuality "1"]

1. d4 Nf6 2. c4 e6 3. g3 b6 4. Bg2 d5 5. Nf3 Be7 6. 0-0 0-0 7. Qc2 Bb7 8. b3 Nbd7 9. Bb2 c5 10. Rd1 Rc8 11. e3 Qc7 12. Nbd2 Ne4 13. Nxe4 dxe4 14. Nd2 f5 15. f3 exf3 16. Nxf3 Be4 17. Qe2 h6 18. Nd2 Bxg2 19. Qxg2 Bf6 20. Nf3 Rfd8 21. d5 e5 22. Qh3 f4 23. e4 fxg3 24. Qxg3 Qd6 25. Kh1 Qe7 26. Rg1 Rf8 27. Bc1 Kh8 28. Bd2 Rce8 29. Rad1 Qf7 30. Qh3 Rc8 31. Rdf1 Qe7 32. Rg6 Rce8 33. Rfg1 Qf7 34. Bxh6 Kg8 35. Bxg7 Bxg7 36. Rxg7+ Qxg7 37. Rxg7+ Kxg7 38. Qxd7+ Kg6 39. Nxe5+ Kh6 40. Qh3+ Kg5 41. Qg4+ Kf6 42. Qf5+ Kg7 43. Qg6+ Kh8 44. Nf7+ Rxf7 45. Qxf7 Rg8 46. d6 Rg7 47. Qxg7+ Kxg7 48. d7 Kf6 49. d8Q+ Ke5 50. Qd5+ Kf4 51. Kg2 Ke3 52. e5 Kf4 53. e6 Ke3 54. Kg3 a6 55. e7 Ke2 56. e8R+ Kf1 57. Qg2# 1-0